| 000 | 00528nam a2200181 4500 | ||
|---|---|---|---|
| 003 | SEACOMMC | ||
| 005 | 20231114074139.0 | ||
| 008 | 231114b |||||||| |||| 00| 0 eng d | ||
| 020 | _cRs.275.00 | ||
| 040 | _aSEACOMMC | ||
| 082 |
_a006.76 _bG577 |
||
| 100 | 1 | _aGodbole,Achyut S. | |
| 245 | 1 |
_aWeb technology : TCP/IP to internet application architectures _cAchyut S. Godbole Atul Kahate |
|
| 260 | 1 |
_aNew Delhi _bTata McGraw Hill _c2005 |
|
| 650 | 1 | _aComputer science,Multimedia systems | |
| 700 | 1 | _aKahate,Atul | |
| 942 | _cBOOK | ||
| 999 |
_c481 _d481 |
||